Featurings des Etoiles Vagabondes : Expansion (Rap français) - Statistiques

Statistiques générales
  • Ce quiz a été pris 215 fois
  • Le résultat moyen est 7 sur 11
Statistiques - réponses
Morceau Featuring % Correct
Tricheur Damso
97%
Dans l'univers Vanessa Paradis
96%
Compte les hommes Alpha Wann
86%
Elle pleut Nemir
84%
Voyage léger Niska
70%
L'air du temps Doums
61%
L'air du temps Framal
56%
CDGLAXJFKHNDATH 2zer
55%
CDGLAXJFKHNDATH Mekra
55%
Pixels Crystal Kay
38%
Rouge à lèvres BJ The Chicago Kid
27%
Aucun quiz correspondant
Distribution des résultats
% des personnes avec chaque résultat
Percentile par nombre de réponses
Votre historique - résultats
Vous n’avez pas pris ce quiz